Περί της γνησίας προφοράς της ελληνικής γλώσσης βιβλίον

Αποθηκεύτηκε σε:
Λεπτομέρειες βιβλιογραφικής εγγραφής
Κύριος συγγραφέας: Οικονόμος ο εξ Οικονόμων, Κωνσταντίνος, 1780-1857
Μορφή: Βιβλίο
Γλώσσα:Greek
Δημοσίευση: Εν Πετρουπόλει : Εν τη τυπογραφία του επί της Δημοσίου Παιδεύσεως Υπουργείου, 1830
Θέματα:
Ετικέτες: Προσθήκη ετικέτας
Δεν υπάρχουν, Καταχωρήστε ετικέτα πρώτοι!

MARC

LEADER 00000cam a2200000 i 4500
001 1/68633
008 150311s1830 gre d
035 |l 10121393 
040 |a GR-MY-UA  |b gre  |e aacr 
041 0 |a gre 
082 0 |a 489.3  |2 (23) 
100 1 |a Οικονόμος ο εξ Οικονόμων, Κωνσταντίνος,   |d 1780-1857. 
245 1 0 |a Περί της γνησίας προφοράς της ελληνικής γλώσσης βιβλίον /  |c συνταχθέν υπό του Οικονόμου Κωνσταντίνου Πρεσβυτέρου, του εξ Οικονόμων γενεαλογουμένου ; ετυπώθη δαπάνη της Αδελφότητος των Ζωσιμάδων. 
260 |a Εν Πετρουπόλει :   |b Εν τη τυπογραφία του επί της Δημοσίου Παιδεύσεως Υπουργείου,   |c 1830 
300 |a ιη', 814 σ.;  |c 21 εκ. 
500 |a Στο verso υπάρχει ετικέτα "Τη Πορφυριάδι Σχολή Καρλοβασίων, 1903. Κωνσταντίνος Κ. Νικολάου" με αρ. 3127. 
650 0 0 |a Greek language, Modern  |x Pronunciation. 
650 0 0 |a Greek language, Modern  |x History. 
852 |a INST  |b SAMOS  |c PORFYRIADA  |e 20150311  |h 489.3 ΟΙΚ  |p 005300041953  |q 005300041953  |t NOLOAN  |y 23 
901 |a BIBL3-2015-1 
909 |a Σ  |b 191981 
970 |a ΣΙΤΖΙΜΗ  |b ΓΙΑΣΕΜΗ  |z 2015/03/11